Genel ve endüstriyel yönetim : (Record no. 59207)
| 000 -BAŞLIK | |
|---|---|
| Sabit Uzunluktaki Kontrol Alanı | 01098nam a22003377a 4500 |
| 001 - KONTROL NUMARASI | |
| Control Dosyası | 0059403 |
| 003 - KONTROL NUMARASI KİMLİĞİ | |
| Kontrol Alanı | KOHA_MİRAKIL |
| 005 - EN SON İŞLEM TARİHİ ve ZAMANI | |
| Kontrol Alanı | 20260207004227.0 |
| 007 - FİZİKSEL TANIM SABİT ALAN - GENEL BİLGİ | |
| Sabit uzunluklu kontrol alanı | ta |
| 008 - SABİT UZUNLUKTAKİ VERİ ÖGELERİ - GENEL BİLGİ | |
| Sabit Alan | 160928b2016 tu |||gr||||#||||0|tur | |
| 020 ## - ISBN - ULUSLARARASI STANDART KİTAP NUMARASI | |
| Isbn | 9789752500341 |
| Kullanılabilirlik koşulları | TL3,3 |
| 040 ## - KATALOGLAMA KAYNAĞI | |
| Özgün Kataloglama Kurumu | TR-BiSEU |
| Kataloglama Dili | tur |
| Çeviri Kurumu | TR-BiSEU |
| Açıklama Kuralları | rda |
| 041 0# - DİL KODU | |
| Metin ya da ses kaydının dil kodu | tur |
| 044 ## - YAYINLAYAN/ÜRETEN KURULUŞUN ÜLKE KODU | |
| ISO country code | tu |
| 050 ## - SINIFLAMA ve YER NUMARASI | |
| Sınıflama Numarası | HD31 |
| Yer Numarası | .F3919 2016 |
| 100 1# - KİŞİ ADI | |
| Yazar Adı (Kişi adı) | Fayol, Henri. |
| 245 1# - ESER ADI BİLDİRİMİ | |
| Başlık | Genel ve endüstriyel yönetim : |
| Alt Eseradı vb. | Planlama - örgütleme - kumanda koordinasyon - kontrol/ |
| Sorumluluk Bildirimi | Henri Fayol ; Henri Fayol; çeviren M. Asım Çalıkoğlu; sadeleştiren ve hazırlayan Bahadır Akın. |
| 250 ## - BASIM BİLDİRİMİ | |
| Basım Bildirimi | 2. bs. |
| 264 #1 - ÜRERİM, YAYIN, DAĞITIM ve TELİF BİLDİRİMİ | |
| Yayın yeri | Ankara : |
| Yayınlayan | Adres Yayınları |
| Yayın tarihi | 2016 |
| 300 ## - FİZİKSEL TANIMLAMA | |
| Sayfa, Cilt vb. | 174 sayfa; 21 cm. |
| 336 ## - İÇERİK TÜRÜ | |
| Content type term | metin |
| Content type code | txt |
| Source | rdacontent |
| 337 ## - MEDYA TÜRÜ | |
| Media type term | aracısız |
| Media type code | n |
| Source | rdamedia |
| 338 ## - TAŞIYICI TÜRÜ | |
| Carrier type term | cilt |
| Carrier type code | nc |
| Source | rdacarrier |
| 490 1# - DİZİ BİLDİRİMİ | |
| Dizi Bildirimi | Adres Yayınları ; |
| Cilt Numarası | 9. |
| 490 1# - DİZİ BİLDİRİMİ | |
| Dizi Bildirimi | Yönetim Kalsikleri ; |
| Cilt Numarası | 3. |
| 650 #0 - KONU BAŞLIĞI EK GİRİŞ - KONU TERİMİ | |
| Konusal terim veya coğrafi ad | Yönetim. |
| 9 (RLIN) | 3705 |
| 650 #0 - KONU BAŞLIĞI EK GİRİŞ - KONU TERİMİ | |
| Konusal terim veya coğrafi ad | Girişimcilik. |
| 9 (RLIN) | 2836 |
| 830 1# - SERİ EK GİRİŞİ - TEKBİÇİM ESER ADI | |
| Tekbiçim Başlık | Adres Yayınları ; |
| Volume number/sequential designation | 9. |
| 9 (RLIN) | 17676 |
| 830 1# - SERİ EK GİRİŞİ - TEKBİÇİM ESER ADI | |
| Tekbiçim Başlık | Yönetim Kalsikleri ; |
| Volume number/sequential designation | 3. |
| 9 (RLIN) | 109873 |
| 942 ## - EK GİRİŞ ÖGELERİ (KOHA) | |
| Source of classification or shelving scheme | Library of Congress Classification |
| Koha item type | Book |
| Materyal Türü | Kalıcı Konum | Mevcut Konum | Raf Yeri | Sınıflandırma Kaynağı | Edinim Bilgisi | Ana Konular | Alt Konular | Yer Numarası | Demirbaş Numarası | Fatura Tarihi | Geri Çekilme Durumu | Kayıp Durumu | Hasarlı Durumu | Kredi için değil | Kayıt Tarih | Toplam Ödünçverme | Son Görülme Tarihi | Son Kontrol Tarihi | Genel / Bağış Notu |
|---|---|---|---|---|---|---|---|---|---|---|---|---|---|---|---|---|---|---|---|
| Book | Prof. Dr. Azmi Özcan Kütüphanesi | Prof. Dr. Azmi Özcan Kütüphanesi | Uluğbey Salonu | Library of Congress Classification | Bağış | SOSYAL BİLİMLER | Endüstriler, Arazi Kullanımı, İşgücü | HD31 .F3919 2016 | 0059403 | 02/02/2026 | 28/09/2016 | 5 | 05/12/2024 | 05/12/2024 | Merve Eşmen |
